| 000 | 01046pab a2200193 454500 | ||
|---|---|---|---|
| 008 | 180718b2000 xxu||||| |||| 00| 0 eng d | ||
| 100 | _aDatta, Prabhat | ||
| 245 | _aParticipatory rural governance in India | ||
| 260 | _c2000 | ||
| 300 | _ap.38-49. | ||
| 362 | _aJan-Mar | ||
| 520 | _aProbing participatory rural governance in India through the institution of Gram Sabhas, the basic unit, the authors first examine its structure, nature, and evolution. Imparting focus on West Bengal's Gram Sansad, they make a comparative assessment on its efficacy vis-a-vis Gram Sabhas in other states. Concentrating on enhancing people's participation, they give some weightage to West Bengal experience and conclude by prescribing certain measures which need to be implemented to obtain the desired advantage of people's participation. - Reproduced | ||
| 650 | _aPanchayat - India - West Bengal | ||
| 650 | _aPanchayat | ||
| 700 | _aBhattacharyya Sen, Panchali | ||
| 773 | _aIndian Journal of Public Administration | ||
| 908 | _aN | ||
| 909 | _a45117 | ||
| 999 |
_c45117 _d45117 |
||